Optimization (Record no. 13572)

000 -LEADER
fixed length control field 00580nam a22002177a 4500
001 - CONTROL NUMBER
control field 13572
003 - CONTROL NUMBER IDENTIFIER
control field BD-DhUET
008 - FIXED-LENGTH DATA ELEMENTS--GENERAL INFORMATION
fixed length control field 150303b xxu||||| |||| 00| 0 eng d
040 ## - CATALOGING SOURCE
Transcribing agency 0
Modifying agency BD-DhUET
082 ## - DEWEY DECIMAL CLASSIFICATION NUMBER
Classification number 660.284
Item number BEV/1970
100 ## - MAIN ENTRY--PERSONAL NAME
Personal name Beveridge, Gordon S. G.
245 ## - TITLE STATEMENT
Title Optimization
Remainder of title theory and practice
250 ## - EDITION STATEMENT
Edition statement 1st ed.
260 ## - PUBLICATION, DISTRIBUTION, ETC. (IMPRINT)
Place of publication, distribution, etc. London
Name of publisher, distributor, etc. McGraw-Hill
Date of publication, distribution, etc. 1970
300 ## - PHYSICAL DESCRIPTION
Extent xix, 773 p.
Other physical details ill.
490 ## - SERIES STATEMENT
Series statement McGraw-Hill chemical engineering series
504 ## - BIBLIOGRAPHY, ETC. NOTE
Bibliography, etc Includes bibliographies
650 #0 - SUBJECT ADDED ENTRY--TOPICAL TERM
Topical term or geographic name as entry element Optimization
700 ## - ADDED ENTRY--PERSONAL NAME
Personal name Schechter, Robert S.
942 ## - ADDED ENTRY ELEMENTS (KOHA)
Koha item type General Book
Holdings
Koha item type Damaged status Lost status Piece designation (barcode) Source of classification or shelving scheme Shelving location Price effective from Koha date last seen Copy number Sublocation or collection (holding branch) Koha normalized classification for sorting Date acquired Not for loan Withdrawn status Location (home branch) Koha full call number
General Book  65468 Circulation section2015-03-032015-03-031Central Library, BUET660_284000000000000_BEV_19702015-03-03  Central Library, BUET660.284/BEV/1970
General Book  49358 Circulation section2015-03-042015-03-042Central Library, BUET660_284000000000000_BEV_19702015-03-04  Central Library, BUET660.284/BEV/1970
General Book  46557 Circulation section2015-07-132015-07-131Central Library, BUET660_284000000000000_BEV_19702015-07-13  Central Library, BUET660.284/BEV/1970
General Book  44490 Circulation section2021-04-032021-04-033Central Library, BUET660_284000000000000_BEV_19701978-12-01  Central Library, BUET660.284/BEV/1970